00321nam a2200121Ia 4500008004100000041000800041082001400049100002200063245002700085260004500112300003100157365001100188240624s9999 xx 000 0 und d aeng a659.1 JET aJETHWANEY JAISHRI aADVERTISING MANAGEMENT c2006aNew DelhibOxford University press axii, : 716 : p. : cm. ; 23 cRSb30